Central Library OPAC University of Rajshahi

Commutative algebra / (Record no. 7602)

MARC details
000 -LEADER
fixed length control field 00969nam a2200289 a 4500
001 - CONTROL NUMBER
control field 7602
003 - CONTROL NUMBER IDENTIFIER
rucl marc code BD-RjUL
005 - DATE AND TIME OF LATEST TRANSACTION
control field 20211208234438.0
008 - FIXED-LENGTH DATA ELEMENTS--GENERAL INFORMATION
fixed length control field 170504r19651960nju 001 0 eng d
035 ## - SYSTEM CONTROL NUMBER
System control number (BD-RjUL)7646
040 ## - CATALOGING SOURCE
Original cataloging agency DLC/ICU
Transcribing agency ICU
Modifying agency DLC
-- BD-RjUL
Language of cataloging eng
041 ## - LANGUAGE CODE
Language code of text/sound track or separate title eng
082 00 - DEWEY DECIMAL CLASSIFICATION NUMBER
Edition number 23
Classification number 512
Author mark and year ZAC 1965
100 1# - MAIN ENTRY--PERSONAL NAME
Personal name Zariski, Oscar,
Dates associated with a name 1899-1986.
9 (RLIN) 23718
245 10 - TITLE STATEMENT
Title Commutative algebra /
Statement of responsibility, etc. Oscar Zariski and Pierre Samuel, with the cooperation of I.S. Cohen.
260 ## - PUBLICATION, DISTRIBUTION, ETC. (IMPRINT)
Place of publication, distribution, etc. Princeton, N.J. :
Name of publisher, distributor, etc. Van Nostrand ,
Date of publication, distribution, etc. c1958 [Reprinted 1965].
300 ## - PHYSICAL DESCRIPTION
Pagination v. ;
Size 23 cm.
500 ## - GENERAL NOTE
General note Includes index.
505 0# - FORMATTED CONTENTS NOTE
Formatted contents note Vol. 1 -- Vol. 2 --
650 #0 - SUBJECT ADDED ENTRY--TOPICAL TERM
Topical term or geographic name as entry element Algebra
9 (RLIN) 20437
Topical term or geographic name as entry element Commutative algebra.
9 (RLIN) 207580
700 1# - ADDED ENTRY--PERSONAL NAME
Personal name Samuel, Pierre,
Dates associated with a name 1921-
Relator term joint author.
Personal name Cohen, I.S.
830 ## - SERIES ADDED ENTRY--UNIFORM TITLE
Uniform title The University series in higher mathematics
942 ## - ADDED ENTRY ELEMENTS (KOHA)
Source of classification or shelving scheme Dewey Decimal Classification
Koha item type Books
Holdings
Lost status Source of classification or shelving scheme Damaged status Not for loan Collection code Permanent Location Current Location Shelving location Date acquired Source of acquisition Cost, normal purchase price Total Checkouts Full call number Date last seen Copy number Koha item type
  Dewey Decimal Classification     Non-fiction Central Library, University of Rajshahi Central Library, University of Rajshahi   01/12/1980 M. Sharfuddin 68.00   512 ZAC V-1 1965 15/01/2014 C-2 Books
  Dewey Decimal Classification   Not For Loan Non-fiction Central Library, University of Rajshahi Central Library, University of Rajshahi Reading Room 08/12/1962 Zeitlinger 54.00   512 ZAC V-1 1959 13/04/2017 C-1 Books
  Dewey Decimal Classification   Not For Loan Non-fiction Central Library, University of Rajshahi Central Library, University of Rajshahi Reading Room 02/02/1963 Zeithinger 60.00   512 ZAC V-2 1960 16/04/2017 C-1 Books